| 000 | 00543nam a2200181Ia 4500 | ||
|---|---|---|---|
| 005 | 20250508155342.0 | ||
| 008 | 008 250505s9999 xx 000 0 eng d | ||
| 037 | _aTextual | ||
| 040 |
_aFEDL _beng _cFEDL |
||
| 041 |
_aeng _2eng |
||
| 084 |
_a352.954, SAS _qFEDL |
||
| 100 |
_aK. N. V. Sastri _9766894 |
||
| 245 | 0 | _aPrinciples of district administration in India | |
| 260 |
_aDelhi, India _bMetropolitan Book Company Private Limited _c1957 |
||
| 300 | _a102p | ||
| 942 |
_cTEXL _h352.954, SAS |
||
| 999 |
_c1356254 _d1356254 |
||